000 01238nam a22002657a 4500
999 _c2331
_d2331
003 AR-CdUCM
008 190304b ||||| |||| 00| 0 spa d
040 _aMUNICIPALIDAD PROVINCIAL DEL CUSCO
_cBIBLIOTECA MUNICIPAL DEL CUSCO
041 _heng
082 _a909.82 /
_bM38
100 _aMeigs, Cornelia
_98401
245 _aLas Naciones Unidas :
_bpersonajes y acontecimientos /
260 _aMéxico :
_b Unión Tipográfica Editorial Hispano Americana (UTEHA),
_c1966.
300 _aIX, 275 páginas ;
_bfotografias, ilustraciones ;
_c22.5 cm.
505 _aContenido: "Hasta l establecimiento de un sistema más extenso y permanente..." -- La reunión en el Atlántico: Roosevelt y Churchill -- Yalta y otras -- La conferencia de San Francisco: Los cinco grandes -- La conferencia de San Francisco: los cuarenta y un pequeños .. "La humanidad en marcha" ...
650 _aLas Naciones Unidas - ONU
_98402
650 _aNaciones Unidas - Historia
_98403
650 _aNaciones Unidas - Personajes
_98404
650 _aYalta
_98405
650 _aConferencia de San Francisco
_98406
700 _aCastillo Dibildox, Rafael (Traductor)
_98407
710 _aUTEHA
_98408
942 _2ddc
_cLIBROS
945 _alccs
_d2019-03-04